Гидрогеологические исследования для проектируемых гидроэлектростанций в Закавказье. Т. 1 (Запись № 13587222)

Подробности
000 -МАРКЕР
контрольное поле 01647nam2a2200241 4500
001 - ИДЕНТИФИКАТОР ЗАПИСИ
контрольное поле rc\2887746
005 - ИДЕНТИФИКАТОР ВЕРСИИ
контрольное поле 20260315052803.0
035 ## - ДРУГИЕ СИСТЕМНЫЕ НОМЕРА
Идентификатор записи (NLR Aleph) 007040213
100 ## - ДАННЫЕ ОБЩЕЙ ОБРАБОТКИ
Данные общей обработки 20110727d1930 u y0rusy50 ca
101 0# - ЯЗЫК РЕСУРСА
Язык текста, звукозаписи и т.д. русский
102 ## - СТРАНА ПУБЛИКАЦИИ ИЛИ ПРОИЗВОДСТВА
Страна публикации Российская Федерация
105 ## - ПОЛЕ КОДИРОВАННЫХ ДАННЫХ: ТЕКСТОВЫЕ МАТЕРИАЛЫ, МОНОГРАФИЧЕСКИЕ
Кодированные данные о монографическом текстовом документе ae z |||||
200 0# - ЗАГЛАВИЕ И СВЕДЕНИЯ ОБ ОТВЕТСТВЕННОСТИ
Основное заглавие Т. 1
210 ## - ПУБЛИКАЦИЯ, РАСПРОСТРАНЕНИЕ И ДР.
Дата издания, распространения и т.д. 1930
215 ## - ФИЗИЧЕСКАЯ ХАРАКТЕРИСТИКА
Специфическое обозначение материала и объем 205 с., [4] вкл. л. черт.
Другие сведения о физической характеристике ил., черт., граф., план.
320 ## - ПРИМЕЧАНИЯ О НАЛИЧИИ В ДОКУМЕНТЕ БИБЛИОГРАФИИ / УКАЗАТЕЛЯ
Текст примечания Библиогр.: "Список литературы" (37 названий)
461 #0 - УРОВЕНЬ НАБОРА
Встроенное поле 001rc\2887745
-- 2001#$aГидрогеологические исследования для проектируемых гидроэлектростанций в Закавказье$eМатериалы Бюро по исследованию и изуч. подземных вод ... Т. 1$fПод общ. ред. В.С. Ильина$vТ. 1
Системный номер (АБИС) связанной записи 6089951
Автор Гос. Научно-экспериментальный институт гражданских, промышленных и инженерных сооружений (Москва). Бюро по исследованию и изучению подземных вод
Место публикации Москва
Дата публикации 1930
Первые сведения об ответственности Под общ. ред. В.С. Ильина
Имя издателя, распространителя и т.д. Гос. техн. изд-во
Сведения, относящиеся к заглавию Материалы Бюро по исследованию и изуч. подземных вод ... Т. 1
Заглавие Гидрогеологические исследования для проектируемых гидроэлектростанций в Закавказье
Номер тома Т. 1
801 #0 - ИСТОЧНИК ЗАПИСИ
Страна Российская Федерация
Организация NLR
Правила каталогизации psbo
801 #1 - ИСТОЧНИК ЗАПИСИ
Страна Российская Федерация
Организация ELAR
Источник данных rusmarc
852 ## - МЕСТОНАХОЖДЕНИЕ И ШИФР ХРАНЕНИЯ
Идентификатор организации NLR
Шифр хранения (Call Number) 30.19/621(2)
942 ## - ДОПОЛНИТЕЛЬНЫЕ ЭЛЕМЕНТЫ ЗАПИСИ (АБИС)
Тип экземпляра АБИС Неопределено
980 ## - КОЛЛЕКЦИЯ
Название коллекции Национальная библиография

Нет доступных экземпляров.